00620nam a22001817a 4500020001500000082001600015100002100031245009800052250001300150260003000163300002300193500002000216650001500236700002900251942000700280999001700287952013400304 a0073038997 a657.046 WIL aWilliams, Jan R. aSolutions manual Vol-1, Chapters 1-14 to accompany Accounting the basis for business decision a11th ed. aBostonbMcGraw-Hillc1999 axi, 307 p.bill. ; aIncludes index. aAccounting aMeigs, Robert F. et all. cBK c12821d12821 001040708NFICaCLbCLcGENd2014-04-15eDonationg0.00l4m3o657.046 WILpSEECSD01009r2023-06-02s2023-02-11w2014-04-13yBK